A Textbook of Botany: plant anatomy and economic botany Vol.III (Record no. 6378)

MARC details
000 -LEADER
fixed length control field 00581nam a22002057a 4500
003 - CONTROL NUMBER IDENTIFIER
control field OSt
005 - DATE AND TIME OF LATEST TRANSACTION
control field 20191111154710.0
008 - FIXED-LENGTH DATA ELEMENTS--GENERAL INFORMATION
fixed length control field 191111b ||||| |||| 00| 0 eng d
020 ## - INTERNATIONAL STANDARD BOOK NUMBER
International Standard Book Number 978-0706986853
040 ## - CATALOGING SOURCE
Transcribing agency DDC
082 ## - DEWEY DECIMAL CLASSIFICATION NUMBER
Classification number 580 PAN 1998
100 ## - MAIN ENTRY--PERSONAL NAME
Personal name Pandey, S.N.; Chadha, A.
9 (RLIN) 13052
245 ## - TITLE STATEMENT
Title A Textbook of Botany: plant anatomy and economic botany Vol.III
260 ## - PUBLICATION, DISTRIBUTION, ETC. (IMPRINT)
Place of publication, distribution, etc. New Delhi;
Name of publisher, distributor, etc. Vikas,
Date of publication, distribution, etc. 1998
300 ## - PHYSICAL DESCRIPTION
Extent viii,644p;
Other physical details Ill:
Dimensions 24cm
504 ## - BIBLIOGRAPHY, ETC. NOTE
Bibliography, etc Glossary, references, & index included
650 ## - SUBJECT ADDED ENTRY--TOPICAL TERM
Topical term or geographic name as entry element Botany
9 (RLIN) 1777
650 ## - SUBJECT ADDED ENTRY--TOPICAL TERM
Topical term or geographic name as entry element Plants
9 (RLIN) 1776
942 ## - ADDED ENTRY ELEMENTS (KOHA)
Source of classification or shelving scheme Other/Generic Classification Scheme
Koha item type Open Shelf
Holdings
Withdrawn status Lost status Source of classification or shelving scheme Damaged status Not for loan Home library Current library Date acquired Source of acquisition Inventory number Total Checkouts Full call number Barcode Date last seen Date last checked out Koha item type Price effective from
    Dewey Decimal Classification     MUST Main Library MUST Main Library 11/11/2019 Purchase 08/30708 1 580 PAN 1998 2019-0617 05/12/2019 18/11/2019 Open Shelf  
    Dewey Decimal Classification     MUST Main Library MUST Main Library 14/02/2020 Purchase 08/30709   580 PAN 1998 2020-0490 14/02/2020   Open Shelf 14/02/2020